000 00733 a2200181 4500
999 _c1785
_d1785
020 _a9780230008779 (alk. paper : pbk.)
050 0 0 _aHM 626 FRA 2011
100 1 _aFranks, Bradley
_eauthor
245 1 0 _aCulture and cognition :
_bevolutionary perspectives /
_cBradley Franks.
264 _aNew york:
_bPalgrave Macmillan,
_c2011
300 _axii, 358 p.
500 _aincludes index
504 _aIncludes bibliographical references
650 0 _aCulture.
856 4 1 _3Table of contents only
_uhttp://www.loc.gov/catdir/toc/fy11pdf04/2011007031.html
942 _2lcc
_cBK
_h626
_iFRA
_kHM